1485 1865 1752 1149 1479 1473 1003 1147 1173 1661 1718 1040 1413 1405 1410 1389 1660 1402 1160 1426 1282 1697 1557 1382 1492 1684 1068 1037 1596 1881 1359 1903 1523 1431 1857 1322 1757 1424 1863 1044 1849 1565 1453 1399 1043 1055 1550 1423 1262 1756 1712 1257 1096 1782 1487 1314 1555 1254 1481 1056 1934 1928 1070 1556 1204 1450 1390 1384 1388 1446 1993 1211 1638 1555 1118 1643 1725 1535 1921 1126 1403 1041 1284 1279 1591 1548 1484 1130 1224 1241 1298 1394 1455 1817 1020 1500 1520 1216 1967 BCNSPRNW ULIB Ver.6.0+V

เปลี่ยนเป็นภาษาไทย

Change to English
 แสดงรายละเอียดบรรณานุกรม
  กลับหน้าหลัก

Brief Record : Get Marc (ISO 2709) : E-mail record : QR code < ปิดหน้าต่าง
LEADER : 00000nam 2200000uu 4500
001    13399125959
003     ULIB
008    020711s2560 th a 000 0 tha d
020    ^a9786161134594
060    ^aWY16^b471น
100    ^aศิริมา ลีละวงศ์ และคณะ
245    ^aแนวทางการวางแผนสืบทอดตำแหน่งสายงานพยาบาลวิชาชีพ ตามหลักธรรมาภิบาล
260    ^aนนทบุรี :^bกระทรวงสาธารณสุข,^c2560
300    ^a121 หน้า;^c30 ซม.
650    ^aพยาบาล-วิชาชีพ
650  0 ^aธรรมาภิบาล
945    ^p0^l0^i003399
999    ^aประนอม เกษจรัล
รายการนี้ยังไม่มีแท็ก
คุณยังไม่ได้ล็อกอิน คุณสามารถมีกิจกรรมร่วมกับเว็บไซต์ได้ แต่ต้องล็อกอินก่อน ::
  ล็อกอิน

รายการสื่อสารสนเทศ

ลำดับที่ ประเภท เลขเรียก/บาร์โค้ด สถานที่ สถานะ
1. วิทยาศาสตร์การแพทย์ และสุขภาพ
วิทยาศาสตร์การแพทย์ และสุขภาพ
WY16 471น ฉ.1 
  Barcode: 003399
ห้องสมุดวิทยาเขตสวรรค์ประชารักษ์
►หนังสือทั่วไป
บนชั้น

รายการใกล้เคียง
    หัวเรื่อง [พยาบาล-วิชาชีพ]
    หัวเรื่อง [ธรรมาภิบาล]

BibComment


ยังไม่เคยถูกคอมเมนท์

คอมเมนท์ทรัพยากรรายการนี้
  คอมเมนท์: แนวทางการวางแผนส..


 Copyright 2026. Bcnsprnw @Library